Word Scramble - Disney Characters - Statistics

General Stats
  • This quiz has been taken 4,820 times
  • The average score is 14 of 20
Answer Stats
Name Movie Answer % Correct
mugpry Snow White and the Seven Dwarfs Grumpy
98%
afusam The Lion King Mufasa
87%
kitren lbel Peter Pan Tinker Bell
85%
mda theart Alice in Wonderland Mad Hatter
83%
shade Hercules Hades
81%
smr tostp Beauty and the Beast Mrs. Potts
80%
ijyimn eckirtc Pinocchio Jiminy Cricket
79%
eltamcnefi Sleeping Beauty Maleficent
77%
baisnetas The Little Mermaid Sebastian
77%
emruhpt Bambi Thumper
77%
obloa The Jungle Book Baloo
76%
yafir tgemohdro Cinderella Fairy Godmother
75%
inna Lilo & Stitch Nani
67%
frostifk Frozen Kristoff
60%
il gahsn Mulan Li Shang
60%
oaig Aladdin Iago
58%
nkkor The Emperor's New Groove Kronk Pepikrankenitz
56%
cirpen enaenv The Princess and the Frog Prince Naveen
53%
alpacs Tangled Pascal
48%
palenlove Wreck-It Ralph Vanellope von Schweetz
30%
No matching quizzes found
Score Distribution
Percent of People with Each Score
Percentile by Number Answered
Your Score History
You have not taken this quiz